| 000 | 01519cam a22003855i 4500 | ||
|---|---|---|---|
| 001 | 4239119 | ||
| 003 | EG-ScBUE | ||
| 005 | 20250423125312.0 | ||
| 008 | 020313t2002 nyua f 001 0 eng d | ||
| 020 | _z0071364366 | ||
| 020 | _z9780071364362 | ||
| 035 | _a(OCoLC)ocm49852081 | ||
| 035 | _a(NNC)4239119 | ||
| 035 |
_a(OCoLC)49852081 _z(OCoLC)53473591 _z(OCoLC)232161164 _z(OCoLC)474434262 _z(OCoLC)533426744 _z(OCoLC)559725534 _z(OCoLC)646708331 _z(OCoLC)671738196 _z(OCoLC)702096505 _z(OCoLC)722114562 _z(OCoLC)743390759 _z(OCoLC)793522012 |
||
| 040 |
_aEG-ScBUE _beng _erda _cEG-ScBUE _dEG-ScBUE |
||
| 082 | 0 | 4 |
_a520.076 _bPAL _222 |
| 100 | 1 |
_aPalen, Stacy E., _eauthor. _941289 |
|
| 245 | 1 | 0 |
_aSchaum’s outline of theory and problems of astronomy / _cStacy E. Palen, Department of Astronomy, University of Washington. |
| 246 | 3 | 0 | _aTheory and problems of astronomy |
| 246 | 3 | 0 | _aAstronomy |
| 264 | 1 |
_aNew York : _bMcGraw-Hill, _c[2002] |
|
| 264 | 4 | _cc2002 | |
| 300 |
_avi, 234 pages : _billustrations ; _c24 cm. |
||
| 336 |
_2rdacontent _atext _btxt |
||
| 337 |
_aunmediated _2rdamedia _bn |
||
| 338 |
_avolume _bnc _2rdacarrier |
||
| 490 | 0 | _aSchaum’s outline series | |
| 500 | _aIncludes index. | ||
| 500 | _aIncludes Appendices. | ||
| 650 | 7 |
_aAstronomy _vOutlines, syllabi, etc. _2BUEsh _941290 |
|
| 650 | 7 |
_aAstronomy _vProblems, exercises, etc. _2BUEsh _941291 |
|
| 655 | _vReading book | ||
| 856 | 4 | 0 |
_uhttp://www.columbia.edu/cgi-bin/cul/resolve?clio4239119 _zAll EBSCO eBooks |
| 942 |
_2ddc _cBB |
||
| 999 |
_c22434 _d22406 |
||